000 00846nam a2200193 i 4500
001 155288
003 ES-MaACL
005 20251014063221.0
008 020627s1889 sp |||| | spa d
040 _aCCPB | B
_bspa
_cCCPB | B
100 1 _aHergueta y Martín, Simón,
_d1852-1930
_962714
245 1 0 _aBocetos clínicos tomados de las salas 37 y 38 en el mes de enero de 1889
_b: clínica médica /
_cpor Simón Hergueta.
260 _aMadrid :
_b[s.n.],
_c1889 (
_fEscuela tipográfica del Hospicio)
300 _a120 p. ;
_c18 cm.
594 _aPrecede al título: Hospital General de Madrid.
650 0 7 _aMedicina clínica
_2embne
_914921
852 _aES-MaACL
_jT-717-F-3
_z-- Enc. hol., conservando la cub. original
_z-- An. ms.: ded. del autor a Manuel Sáez Díez
_z-- Enc. en un vol. facticio
999 _c155288
_d155288